| 000 | 00348cam a22001217a 4500 | ||
|---|---|---|---|
| 008 | 180718b1985 xxu||||| |||| 00| 0 eng d | ||
| 020 | _a0 11 340812 9 | ||
| 082 | _aQ86x42 Un3in | ||
| 100 | _aHope, Tim | ||
| 245 |
_aImplementing crime prevention measures _cby Tim Hope |
||
| 260 |
_aLondon _bHer Majesty's Stationery Office _c1985 |
||
| 300 | _avi,82p. | ||
| 999 |
_c495767 _d495767 |
||